| 000 | 01289nam0a2200325 i 4500 | ||
|---|---|---|---|
| 001 | RU\NLR\BIBL_A\010652897 | ||
| 005 | 20240921163413.0 | ||
| 010 |
_a9785830904117 _91000 |
||
| 021 |
_aRU _b2014-86657 _95272 |
||
| 035 | _a(NILC)RuMoRGB-007828060 | ||
| 035 | _a(NLR Aleph) 010652897 | ||
| 090 |
_a10712072 _c10712072 |
||
| 100 | _a20150123d2014 km y0rusy50 ca | ||
| 101 | 0 | _arus | |
| 102 | _aRU | ||
| 105 | _aa|||7|||001yy | ||
| 200 | 1 |
_aВысшее образование: вызовы и ответы _eмонография _fС.И. Плаксий |
|
| 210 |
_aМосква _cНациональный институт бизнеса _d2014 |
||
| 215 |
_a603 с. _cил. _d21 |
||
| 300 | _aНа 4-й с. обл. авт.: Плаксий С.И., д.филос.н., проф. | ||
| 320 | _aБиблиогр. в подстроч. примеч. | ||
| 320 | _aДр. произведения авт. на 4-й с. обл. | ||
| 606 | 1 |
_aВысшее образование _yРоссийская Федерация _91685283 _3RU\NLR\AUTH\661047250 |
|
| 686 | 1 | _aЧ484(2Р) | |
| 700 | 1 |
_aПлаксий _bС. И. _gСергей Иванович |
|
| 801 | 0 |
_aRU _bРГБ _c20141125 _gRCR |
|
| 942 | _cBOOK | ||
| 980 | _aNBR | ||